000 00725cam a22002413a 4500
001 436
003 PGUSA
005 20140828082948.0
008 960201s1996||||xxu|||||s|||||000 1 eng d
040 _aPGUSA
_beng
042 _adc
050 4 _aPZ
100 1 _aBaum, L. Frank
_q(Lyman Frank),
_d1856-1919
245 1 4 _aThe Master Key :
_bAn Electrical Fairy Tale Founded Upon the Mysteries of Electricity
_h[electronic resource] /
_cL. Frank Baum
260 _bProject Gutenberg,
_c1996
506 _aPublic domain in the USA.
516 _aElectronic text
653 _aFantasy
653 _aElectricity -- Fiction
830 0 _aProject Gutenberg
_v436
856 4 0 _uhttp://www.gutenberg.org/ebooks/436
942 _cEB
999 _c229787
_d229787